000 02036cam a22005174i 4500
003 PE-LiUPU
005 20250731173448.0
008 150616s1981 tnu r 000 0 eng d
020 _a0687019389
035 _a(Sirsi) i9780687019380
040 _aPE-LiUPU
_bspa
_cPE-LiUPU
_erda
049 _aPRUA
082 0 4 _a254.5
_bS31
_221
100 1 _aSchaller, Lyle E.,
_eautor.
245 1 0 _aAssimilating New Members /
_cLyle E. Schaller.
264 1 _aTennessee :
_bThe Parthenon Press,
_c1981.
300 _a128 páginas ;
_c20 centímetros.
336 _atext
_2rdacontent
337 _aunmediated
_2rdamedia
338 _avolume
_2rdacarrier
490 0 _aCreative Leadership Series
504 _aBibliografía al pie de algunas páginas.
505 0 _aWhat's the Glue? -- Whom do we exclude? -- The dynamics of inclusion and exclusion -- Strengthening the group life -- Looking at the inactive members -- The price of growth.
526 _aSEG42
526 _aSEG41
526 _aSEG40
526 _aSEG39
526 _aP94
526 _aP87
526 _aP86
526 _aP85
526 _aP77
526 _aP76
526 _aP35
650 1 4 _aCrecimiento de la Iglesia.
910 _ajck
_bjvq
_cjck
942 _2ddc
_cBOOK
949 _a254.5 S31
_wDEWEY
_c1
_i21319
_lCCODEBUL1
_mBUL
_r0
_sY
_tBOOK
_u2015-4-23
_xTEOLOGIA
_zUNKNOWN
_0COMPRA
_o.STAFF. Colección General
949 _a254.5 S31
_wDEWEY
_c2
_i42472
_lCCODEBUL1
_mBUL
_r0
_sY
_tBOOK
_u2015-6-16
_xTEOLOGIA
_zUNKNOWN
_0COMPRA
_o.STAFF. Colección General
994 _aC0
_bPEPRU
596 _a1
999 _a254.5 S31
_wDEWEY
_c57132
_i21319
_d57132
_f2021-11-10
_g5
_lCCODEBUL1
_mBUL
_p12.01
_q1
_r0
_sY
_tBOOK
_u2015-4-23
_xTEOLOGIA
_PP35
_0COMPRA
_o.STAFF. Colección Teología
999 _a254.5 S31
_wDEWEY
_c2
_i42472
_f2021-11-10
_g5
_lCCODEBUL1
_mBUL
_p12.01
_r0
_sY
_tBOOK
_u2015-6-16
_xTEOLOGIA
_PP35
_0COMPRA
_o.STAFF. Colección Teología
980 _81
_gALBERTO SANCHEZ Responsable de Automatización